000 00737nam a2200265Ia 4500
003 OSt
005 20221006141639.0
006 a|||||r|||| 00| 0
007 ta
008 221006b |||||||| |||| 00| 0 eng d
020 _c828.49
024 _a3,694
037 _cTextual
040 _aEASL
_cEASL
_beng
041 _2eng
_aeng
082 _aV41y7M93, N6
100 _aBARME Geremie R
_9645953
245 0 _aShades of Mao
_b The posthumous cult of the great leader
260 _aArmonk
_bM E Sharpe
_c1996
300 _a321p.
_ccm.
650 _a Mao tse-tung
_9645954
650 _aChina poltics and government
_9645955
942 _hV41y7M93, N6
_cTEXL
_2CC
999 _c1071780
_d1071780